00722nam a2200217Ia 4500003000900000008004100009040001600050080001500066100002300081245009800104250001100202260004800213300001500261500002600276650004100302650002400343650002400367942000700391999001500398952009100413IN-BaIIA211028s9999 xx 000 0 eng d cIIA Library a521.9bSMA aSmart, W. M.91092 0aText-book on spherical astronomycW. M. Smart  a4th ed aCambridgebCambridge University Pressc1947 axii, 430p. aDonated by Mrs. Bappu aAstronomy and Astrophysics Thesaurus aCelestial Mechanics aSpherical Astronomy cBK c7696d7696 00104070aBANbBANcGENd1983-07-26l0o521.9/ SMAp8510r2021-11-05w1983-07-26yBK